|
|
แสดงรายละเอียดบรรณานุกรม |
|
|
Brief Record
: Get Marc (ISO 2709)
: E-mail record
: |
| LEADER 00000nama 2200000uu 4500 | |||
| 008 040531s2543 th m m a000 0 tha d | |||
| 041 tha | |||
| 050 LB1052 ส225ร 2543 | |||
| 100 สำนักงานปฏิรูปการศึกษา | |||
| 245 ร่างกฏหมายหลักเพื่อการปฏิรูปการศึกษา 002 | |||
| 246 กฏหมาย พระราชบัญญัติการศึกษาพระราชบัญญัติร่างกฏหมายหลักกฏหมาย - ฉบับร่าง | |||
| 260 กรุงเทพฯ สำนักงานปฏิรูปการศึกษา 2543 | |||
| 300 152 หน้า | |||
| 650 ปฏิรูปการศึกษา - กฏหมาย | |||
| 998 2001-05-23 | |||
| คุณยังไม่ได้ล็อกอิน คุณสามารถมีกิจกรรมร่วมกับเว็บไซต์ได้ แต่ต้องล็อกอินก่อน :: |
|
| สถานะ | |||||||||
| 1. | หนังสือทั่วไป | LB1052 ส225ร 2543 | On Shelf ขอยืม | ||||||
| [แสดง 1/1 รายการ] | |||||||||
| รายการใกล้เคียง ผู้แต่ง [สำนักงานปฏิรูปการศึกษา] |
BibComment |
| คอมเมนท์ทรัพยากรรายการนี้ |
|
|